000 01296nam a2200325 a 4500
001 ebr10428129
003 CaPaEBR
006 m u
007 cr cn|||||||||
008 101206r20022002enk sb 001 0 eng d
020 _z9781855752795
020 _z9781849403641 (e-book)
040 _aCaPaEBR
_cCaPaEBR
035 _a(OCoLC)729244811
050 1 4 _aRA1151
_b.S96 2002eb
100 1 _aSymington, Neville.
245 1 2 _aA pattern of madness
_h[electronic resource] /
_cNeville Symington.
260 _aLondon :
_bKarnac,
_c2002.
300 _axii, 234 p.
500 _aReprinted. First published in 2002 by Karnac Books Ltd.
504 _aIncludes bibliographical references (p. 219-223) and index.
505 0 _apt. 1. The pattern of sanity -- pt. 2. The pattern of madness -- pt. 3. The subjective experience.
533 _aElectronic reproduction.
_bPalo Alto, Calif. :
_cebrary,
_d2010.
_nAvailable via World Wide Web.
_nAccess may be limited to ebrary affiliated libraries.
650 0 _aInsanity (Law)
650 0 _aNarcissism.
650 0 _aMental illness.
655 7 _aElectronic books.
_2local
710 2 _aebrary, Inc.
856 4 0 _uhttp://site.ebrary.com/lib/rucke/Doc?id=10428129
_zAn electronic book accessible through the World Wide Web; click to view
999 _c239506
_d239506